| 000 -LEADER |
| fixed length control field |
00741nam a2200217Ia 4500 |
| 001 - CONTROL NUMBER |
| control field |
7896 |
| 003 - CONTROL NUMBER IDENTIFIER |
| control field |
GE_BSU |
| 005 - DATE AND TIME OF LATEST TRANSACTION |
| control field |
20220930110731.0 |
| 008 - FIXED-LENGTH DATA ELEMENTS--GENERAL INFORMATION |
| fixed length control field |
181216sru 2008xx |||||||||||||| ||rus|| |
| 020 ## - INTERNATIONAL STANDARD BOOK NUMBER |
| International Standard Book Number |
9785769543852 |
| 040 ## - CATALOGING SOURCE |
| Transcribing agency |
GE_BSU |
| 041 ## - LANGUAGE CODE |
| Language code of text/sound track or separate title |
rus |
| 080 ## - UNIVERSAL DECIMAL CLASSIFICATION NUMBER |
| Universal Decimal Classification number |
81.879(075.8) M-31 |
| 100 ## - MAIN ENTRY--PERSONAL NAME |
| Personal name |
Маслова,В.А. |
| 9 (RLIN) |
14908 |
| 245 ## - TITLE STATEMENT |
| Title |
Современные направления в лингвистике / |
| Statement of responsibility, etc. |
В.А. Маслова. |
| 264 ## - PRODUCTION, PUBLICATION, DISTRIBUTION, MANUFACTURE, AND COPYRIGHT NOTICE |
| Place of production, publication, distribution, manufacture |
Москва : |
| Name of producer, publisher, distributor, manufacturer |
Издательск. центр Академия, |
| Date of production, publication, distribution, manufacture, or copyright notice |
2008. |
| 300 ## - PHYSICAL DESCRIPTION |
| Extent |
272 стр.: |
| Dimensions |
21см. |
| 653 ## - INDEX TERM--UNCONTROLLED |
| keyword |
Современные направления в лингвистике |
| 653 ## - INDEX TERM--UNCONTROLLED |
| keyword |
ენათმეცნიერება |
| 942 ## - ADDED ENTRY ELEMENTS (KOHA) |
| Koha item type |
წიგნი |
| Source of classification or shelving scheme |
|